| 000 | 00611nam a22001937a 4500 | ||
|---|---|---|---|
| 005 | 20180629112844.0 | ||
| 010 | _aENG-123349 | ||
| 020 |
_c899.00 _a9789386338860 |
||
| 035 | _aEN-106881 | ||
| 037 | _bDBAD/PUB | ||
| 082 | _a398.28 | ||
| 100 | _aDoniger, Wendy | ||
| 245 |
_aThe ring of truth: _cby Wendy Doniger _bmyths of sex and jewelry / |
||
| 260 |
_aNew Delhi _bSpeaking Tiger Publishing _c2017 |
||
| 270 |
_a4381/4, Ansari Road, Daryaganj, _bNew Delhi _e110002 |
||
| 300 |
_a397p. _c24cm(Hb) |
||
| 500 | _aIt includes notes, bibliography and index | ||
| 942 |
_2ddc _cEN _mDON _h398.28 |
||
| 999 |
_c153223 _d153223 |
||